000 00590nam a2200229Ia 4500
003 OSt
005 20221005121538.0
006 a|||||r|||| 00| 0
007 ta
008 221004b |||||||| |||| 00| 0 eng d
024 _a64822
037 _cTextual
040 _aCRL
_cCRL
_beng
041 _2eng
_aeng
082 _aV1Q7:7, 122G8.1
100 _aTyan Emile
_9630761
245 0 _aHistorie de l'organisation judicaireen pays d'islam
260 _c1938
650 _aHISTORY
942 _hV1Q7:7, 122G8.1
_cTEXL
_2cc
999 _c1041493
_d1041493